Southville International School and Colleges
Your cart is empty.
  • Cart
  • Lists
    Public lists Eva Luna New books Lux_list list_1
    Your lists Log in to create your own lists
  • Log in to your account
  • Your cookies
  • Search history
Southville International School and Colleges
  • Advanced search
  • Recent comments
  • Most popular
  • Libraries

Log in to your account

Log in with GOOGLE


If you do not have an external account, but do have a local account, you can still log in:

  1. Home
  2. MARC view: The phoenix and the carpet /
Normal view MARC view ISBD view

The phoenix and the carpet / (Record no. 7529)

[ view plain ]
MARC details
000 -LEADER
fixed length control field 00724nam a22002895a 4500
001 - CONTROL NUMBER
control field 14693874
003 - CONTROL NUMBER IDENTIFIER
control field SISC
005 - DATE AND TIME OF LATEST TRANSACTION
control field 20160303084717.0
008 - FIXED-LENGTH DATA ELEMENTS--GENERAL INFORMATION
fixed length control field 070111s2007 iau 000 0 eng
010 ## - LIBRARY OF CONGRESS CONTROL NUMBER
LC control number 2007920645
020 ## - INTERNATIONAL STANDARD BOOK NUMBER
International Standard Book Number 1853261556
040 ## - CATALOGING SOURCE
Original cataloging agency DLC
Transcribing agency DLC
050 ## - LIBRARY OF CONGRESS CALL NUMBER
Classification number PZ 7
Item number .N458 1995
082 ## - DEWEY DECIMAL CLASSIFICATION NUMBER
Classification number CLA
Item number N36p 1995
100 1# - MAIN ENTRY--PERSONAL NAME
Personal name Nesbit, E.
9 (RLIN) 3327
245 14 - TITLE STATEMENT
Title The phoenix and the carpet /
Statement of responsibility, etc E. Nesbit.
260 ## - PUBLICATION, DISTRIBUTION, ETC. (IMPRINT)
Place of publication, distribution, etc New York :
Name of publisher, distributor, etc Penguin Books,
Date of publication, distribution, etc c1995.
263 ## - PROJECTED PUBLICATION DATE
Projected publication date 0701
300 ## - PHYSICAL DESCRIPTION
Extent 271 p. :
Dimensions 18 cm.
562 ## - COPY AND VERSION IDENTIFICATION NOTE
Number of copies 2
650 ## - SUBJECT ADDED ENTRY--TOPICAL TERM
Topical term or geographic name as entry element Classics.
9 (RLIN) 2808
906 ## - LOCAL DATA ELEMENT F, LDF (RLIN)
a 0
b ibc
c orignew
d 2
e epcn
f 20
g y-gencatlg
942 ## - ADDED ENTRY ELEMENTS (KOHA)
Source of classification or shelving scheme Library of Congress Classification
Koha item type Books
Holdings
Withdrawn status Lost status Source of classification or shelving scheme Damaged status Home library Current library Shelving location Date acquired Total Checkouts Full call number Barcode Date last seen Copy number Price effective from Koha item type
    Library of Congress Classification   Luxembourg Library Luxembourg Library Classic Section 07/23/2013   PZ 7 .N458 1995 9328 05/25/2015 1 07/23/2013 Books
    Library of Congress Classification   Luxembourg Library Luxembourg Library Classic Section 07/23/2013   PZ 7 .N458 1995 9329 08/13/2013 2 07/23/2013 Books

The phoenix and the carpet /

APA

Nesbit E., . (1995). The phoenix and the carpet. New York: Penguin Books.

Chicago

Nesbit E, . 1995. The phoenix and the carpet. New York: Penguin Books.

Harvard

Nesbit E., . (1995). The phoenix and the carpet. New York: Penguin Books.

MLA

Nesbit E, . The phoenix and the carpet. New York: Penguin Books. 1995.

  • Place hold
  • Print
  • Cite
  • Add to your cart (remove)
  • Save record
    BIBTEX Dublin Core MARCXML MARC (non-Unicode/MARC-8) MARC (Unicode/UTF-8) MARC (Unicode/UTF-8, Standard) MODS (XML) RIS
  • More searches
    Search for this title in:
    Other Libraries (WorldCat) Other Databases (Google Scholar) Online Stores (Bookfinder.com) Open Library (openlibrary.org)

Exporting to Dublin Core...

SOUTHVILLE LIBRARY

Southville International School and Colleges Library

1281 Tropical Ave. Cor. Luxembourg St., BF Homes International, Las Pinas City

Tel. No. 8256374 / 252358 Loc. 117/146

Powered by Koha